Countries Smaller than Rhode Island Quiz Stats

 Plays Quiz Updated Dec 29, 2018

Support Sporcle.
Go Orange.
Score 0/29 Timer 05:00
0 Plays Today
Total Area (km2) Country % Correct
0.44Vatican City
95.6%
1.95Monaco
84.8%
486Andorra
81.4%
61San Marino
80.6%
160Liechtenstein
79.6%
2,586Luxembourg
78.8%
261Saint Kitts and Nevis
65.3%
316Malta
63.6%
21Nauru
62.9%
26Tuvalu
62.1%
539Saint Lucia
60.6%
430Barbados
60.1%
455Seychelles
60.1%
389Saint Vincent and the Grenadines
59.7%
459Palau
59.2%
Total Area (km2) Country % Correct
705Singapore
59.1%
2,831Samoa
58.4%
181Marshall Islands
58.1%
747Tonga
56.8%
442Antigua and Barbuda
56.7%
300Maldives
56.5%
344Grenada
56.5%
726Kiribati
55.6%
751Dominica
55%
702Micronesia
53.6%
2,235Comoros
52.1%
964Sao Tome and Principe
51.6%
2,040Mauritius
48.6%
750Bahrain
48.4%

From the Vault

'Layla' Lyrics

by arctanproject

Music 8m
It sounds like this Layla person has this Derek person right where she wants him.
Remove Ads.
Support Sporcle.
Get the best of Sporcle when you Go Orange. This ad-free experience offers more features, more stats, and more fun while also helping to support Sporcle. Thank you for becoming a member.

Show Comments

Extras

Top Quizzes Today


Score Distribution

Your Account Isn't Verified!

In order to create a playlist on Sporcle, you need to verify the email address you used during registration. Go to your Sporcle Settings to finish the process.

Report this User

Report this user for behavior that violates our Community Guidelines.

Details: